| 000 | 00746nam a22002417a 4500 | ||
|---|---|---|---|
| 999 |
_c4947 _d4947 |
||
| 003 | AR-CdUCM | ||
| 008 | 190311b ||||| |||| 00| 0 spa d | ||
| 040 |
_aMUNICIPALIDAD PROVINCIAL DEL CUSCO _cBIBLIOTECA MUNICIPAL DEL CUSCO |
||
| 082 |
_a808.81 / _bC93 |
||
| 245 | _aCuatro poetas de hoy / | ||
| 260 |
_aMadrid : _bTaurus ediciones, _c1960. |
||
| 300 |
_a251 páginas ; _c18.5 cm. |
||
| 500 | _aDonación familia Nieto | ||
| 650 |
_aLiteratura española _9362 |
||
| 650 |
_aSiglo XX _98 |
||
| 700 |
_aIfach, Maria de Gracia (Selección) _915172 |
||
| 700 |
_aHidalgo, José Luis _915173 |
||
| 700 |
_aCelaya, Gabriel _912661 |
||
| 700 |
_aOtero, Blas de _915174 |
||
| 700 |
_aHierro, José _915175 |
||
| 942 |
_2ddc _cLIBROS |
||
| 945 | _aafb | ||